Rugby Rules: True or False? - Statistics

General Stats
  • This quiz has been taken 166 times
  • The average score is 9 of 20
Answer Stats
Question Answer % Correct
A drop can be scored from anywhere in the pitch. True
81%
It's possible to ground the ball in our own in-goal area without scoring an own try. True
73%
A player can play a throw-in quickly in any circumstances. False
58%
If a tackler doesn't bend down while tackling another player, it may be considered as a dangerous tackle or unfair play, and can cause an exclusion in some cases. True
58%
A kick out of the pitch can from the 22 can be denied if the kicker entered the 22 with the ball. True
54%
It is forbidden for a player to touch an adverse player while he's in the air, unless it's during an aerian combat for the ball after a kick. True
54%
A game stops at the ring of the 80 minutes, unless the current losing team has the ball. False
50%
It's allowed to play the ball by hand during a line-out penalty True
50%
An offside player can be put back in if his team kicks the ball. False
46%
Lines of the side of the pitch are considered as outside parts, while the ones between the play zone and the in-goal areas are considered as scoring zone. True
46%
A player is sent off if he whips up another player with the ball from the floor. False
38%
A player has the right to contest the ball if he isn't tackling at the moment, if he obviously makes the effort to go out of the ruck area, and places his hands on the ball to take or not while being solidly up on his two feet. True
38%
A a ball carrier is blocked by several adverse players and maintained up, he's in an illegal position if the ball doesn't come out after a time determined by the referee. True
38%
A ball carrier in a maul is considered in an illicit situation if he comes undone from the maul and then comes back in. True
38%
A player can't take the ball if it is out of the pitch's limits. False
35%
Penalty shoot-outs like in football does not exist his rugby: If after the entire time there is a draw, both teams keep going on sudden death. False
35%
There's no precise rules about the in-goal area's length. True
31%
The minimum distance for a himself throw-in is 10 meters True
23%
The kicker has the same time to take a penalty and a conversion. False
19%
To be approved, a try need to be sgnificantly grounded by a player with his thumbs over the balls making a clear pressure from up to down. False
19%
No matching quizzes found
Score Distribution
Percent of People with Each Score
Percentile by Number Answered
Your Score History
You have not taken this quiz